| 000 | 00472nam a2200121Ia 4500 | ||
|---|---|---|---|
| 008 | 170221s9999 xx 000 0 und d | ||
| 100 | _aKashif Beg | ||
| 245 | _aDeterminants of Financial Self Sufficiency of Andhra Pradesh Microfinance Institutions | ||
| 245 | _cKashif Beg | ||
| 260 | _c2014 | ||
| 650 | _xBusiness | ||
| 856 | _uhttp://www.omicsgroup.org/journals/determinants-of-financial-self-sufficiency-of-andhra-pradeshmicrofinance-institutions-2167-0234-1000209.pdf | ||
| 999 |
_c309438 _d309438 |
||